[Event "Lidkoping op"]
[Site "Lidkoping"]
[Date "2019.08.25"]
[Round "6"]
[White "Bermann, Martin"]
[Black "Alfven, Jorgen"]
[Result "1/2-1/2"]
[WhiteElo "1889"]
[BlackElo "1871"]
[PlyCount "82"]
[EventDate "2019.08.24"]
[EventType "swiss"]
[EventRounds "7"]
[EventCountry "SWE"]
[SourceTitle "EXT 2020"]
[Source "ChessBase"]
[SourceDate "2019.10.17"]
[SourceVersion "1"]
[SourceVersionDate "2019.10.17"]
[SourceQuality "1"]

1. e4 c5 2. Nf3 d6 3. d4 cxd4 4. Nxd4 Nf6 5. Nc3 a6 6. Be2 e5 7. Nb3 Be6 8. 0-0 Be7 9. Be3 Nbd7 10. f4 Qc7 11. f5 Bc4 12. Nd2 Bxe2 13. Qxe2 b5 14. a3 Rc8 15. Rac1 Nb6 16. h3 d5 17. exd5 Nbxd5 18. Nxd5 Nxd5 19. Kh1 0-0 20. Ne4 Nf6 21. Nd2 Rfd8 22. Bg5 h6 23. Bxf6 Bxf6 24. Ne4 Qe7 25. c3 Rd5 26. Qf3 Rcd8 27. Rcd1 Rxd1 28. Rxd1 Bg5 29. Qe2 Qc7 30. Qg4 Rxd1+ 31. Qxd1 Qc4 32. Qe1 Bf4 33. f6 g6 34. Qb1 Qe2 35. Kg1 Qe3+ 36. Kh1 Qc1+ 37. Qxc1 Bxc1 38. Nc5 Bxb2 39. Nxa6 Bxa3 40. Nc7 Bb2 41. Nxb5 Bc1 1/2-1/2

[Event "Deltalift op"]
[Site "Tylosand"]
[Date "2019.05.30"]
[Round "1"]
[White "Olund, Joar"]
[Black "Alfven, Jorgen"]
[Result "1-0"]
[WhiteElo "2328"]
[BlackElo "1912"]
[PlyCount "55"]
[EventDate "2019.05.30"]
[EventType "swiss"]
[EventRounds "8"]
[EventCountry "SWE"]
[SourceTitle "CBM 190 Extra"]
[Source "ChessBase"]
[SourceDate "2019.07.15"]
[SourceVersion "1"]
[SourceVersionDate "2019.07.15"]
[SourceQuality "1"]

1. d4 d5 2. c4 c6 3. Nf3 Nf6 4. e3 e6 5. b3 Bb4+ 6. Nbd2 0-0 7. Bd3 Nbd7 8. 0-0 Bxd2 9. Nxd2 e5 10. cxd5 cxd5 11. dxe5 Nxe5 12. Be2 Bf5 13. Nf3 Nxf3+ 14. Bxf3 Qd6 15. Bb2 Rfd8 16. Rc1 Be4 17. Bxe4 Nxe4 18. Qd4 Qg6 19. Rc7 b6 20. Rfc1 Nc5 21. Qc3 Ne6 22. Rc6 Rd7 23. Qe5 Rad8 24. Bd4 h6 25. h3 Qg5 26. Qxg5 hxg5 27. Kf1 f6 28. Rxe6 1-0

[Event "Helsingor Xtracon op"]
[Site "Helsingor"]
[Date "2018.07.28"]
[Round "9"]
[White "Alfven, Jorgen"]
[Black "Warston, Hakan"]
[Result "1/2-1/2"]
[WhiteElo "1896"]
[BlackElo "1662"]
[PlyCount "182"]
[EventDate "2018.07.21"]
[EventType "swiss"]
[EventRounds "10"]
[EventCountry "DEN"]
[SourceTitle "CBM 185 Extra"]
[Source "ChessBase"]
[SourceDate "2018.07.29"]
[SourceVersion "1"]
[SourceVersionDate "2018.07.29"]
[SourceQuality "1"]

1. d4 d5 2. c4 e6 3. Nf3 Nf6 4. Nc3 Be7 5. Bg5 h6 6. Bh4 0-0 7. e3 b6 8. cxd5 Nxd5 9. Bxe7 Qxe7 10. Rc1 Bb7 11. Bd3 Rc8 12. 0-0 Nd7 13. Qe2 c5 14. Nxd5 exd5 15. Bf5 Rc7 16. Rfd1 Nf6 17. dxc5 bxc5 18. Qc2 Bc8 19. h3 Bxf5 20. Qxf5 Rac8 21. b3 c4 22. bxc4 dxc4 23. Rc2 c3 24. Nd4 Rc5 25. Qf3 Qe5 26. Nb3 Rc4 27. Rd3 Ne4 28. Qd1 Qc7 29. Rd7 Qb6 30. Qd5 Ng5 31. Rd6 R4c6 32. Rd7 Rf6 33. Qd4 Qxd4 34. Rxd4 Rfc6 35. Ra4 a6 36. f3 Ne6 37. Nd4 Nxd4 38. Rxd4 Kf8 39. Rd3 Ke7 40. e4 Ke6 41. Kf2 f5 42. exf5+ Kxf5 43. g4+ Ke5 44. Ke3 Rc4 45. Rd7 g5 46. Re7+ Kd5 47. Rd7+ Ke5 48. Rf7 R8c6 49. Rf5+ Ke6 50. h4 gxh4 51. Rh5 Kf7 52. Rxh4 Rd6 53. Rhh2 Kg6 54. Rhe2 Rc5 55. Kf2 Rc4 56. Kg3 Kf6 57. Re3 Rdc6 58. f4 R4c5 59. Rd3 Ke6 60. Kf3 Rc4 61. Ke3 Kf6 62. Rd4 R4c5 63. Kd3 a5 64. Ke4 Re6+ 65. Kf3 Rb6 66. Rd3 Rbc6 67. Rd4 Rb6 68. Ke3 Re6+ 69. Kd3 Rec6 70. Ke2 Rb6 71. Ke1 Rb1+ 72. Ke2 Rb6 73. Rd3 Rbc6 74. Kf3 Ke6 75. f5+ Ke5 76. Rd8 Kf6 77. Re8 Kf7 78. Re3 Kf6 79. Kf4 Rc4+ 80. Re4 R4c5 81. Rd4 Ke7 82. g5 hxg5+ 83. Kxg5 Rc7 84. Re4+ Kf7 85. Rh4 Kg7 86. Rd4 Rb7 87. Rd3 Rbc7 88. Rd6 Rb7 89. Rg6+ Kf7 90. Rf6+ Kg7 91. Rg6+ Kf7 1/2-1/2

[Event "Helsingor Xtracon op"]
[Site "Helsingor"]
[Date "2018.07.25"]
[Round "6"]
[White "Molvig, Henrik"]
[Black "Alfven, Jorgen"]
[Result "1-0"]
[WhiteElo "2121"]
[BlackElo "1896"]
[PlyCount "49"]
[EventDate "2018.07.21"]
[EventType "swiss"]
[EventRounds "10"]
[EventCountry "DEN"]
[SourceTitle "CBM 185 Extra"]
[Source "ChessBase"]
[SourceDate "2018.07.29"]
[SourceVersion "1"]
[SourceVersionDate "2018.07.29"]
[SourceQuality "1"]

1. d4 Nf6 2. c4 c5 3. d5 e6 4. Nc3 exd5 5. cxd5 d6 6. e4 g6 7. f4 Bg7 8. Bb5+ Nfd7 9. a4 a6 10. Bd3 0-0 11. Nf3 Re8 12. 0-0 Qc7 13. Kh1 b6 14. Be3 c4 15. Bc2 Nc5 16. Bd4 f5 17. e5 Bh6 18. exd6 Qxd6 19. Ne5 Bb7 20. Nxc4 Qd8 21. a5 Nbd7 22. axb6 Qe7 23. Na5 Qd6 24. b4 Bxd5 25. Nxd5 1-0

[Event "Helsingor Xtracon op"]
[Site "Helsingor"]
[Date "2018.07.22"]
[Round "2"]
[White "Kreken, Eivind Grunt"]
[Black "Alfven, Jorgen"]
[Result "1/2-1/2"]
[WhiteElo "1626"]
[BlackElo "1896"]
[PlyCount "83"]
[EventDate "2018.07.21"]
[EventType "swiss"]
[EventRounds "10"]
[EventCountry "DEN"]
[SourceTitle "CBM 185 Extra"]
[Source "ChessBase"]
[SourceDate "2018.07.29"]
[SourceVersion "1"]
[SourceVersionDate "2018.07.29"]
[SourceQuality "1"]

1. e4 c5 2. Nc3 Nc6 3. Nge2 e6 4. d4 cxd4 5. Nxd4 a6 6. Be3 Nf6 7. Be2 Bb4 8. f3 Qc7 9. Qd2 0-0 10. g4 Nxd4 11. Bxd4 e5 12. Be3 Bxc3 13. Qxc3 Qxc3+ 14. bxc3 h6 15. c4 b5 16. cxb5 axb5 17. Bxb5 Ba6 18. Ba4 d5 19. Bc6 Rac8 20. exd5 Rfd8 21. Bb6 Rd6 22. Bc5 Rdxc6 23. dxc6 Rxc6 24. Bb4 Rxc2 25. Bd2 e4 26. fxe4 Nxe4 27. Rd1 Rxa2 28. h4 Bb5 29. Rh2 Bd3 30. Bf4 Ra3 31. Rh3 Nc5 32. Bd6 Ra2 33. Rd2 Ra1+ 34. Rd1 Ra2 35. Re3 Bc2 36. Bxc5 Bxd1 37. Kxd1 Ra4 38. Rg3 h5 39. gxh5 Rxh4 40. Rg5 f6 41. Rf5 Kh7 42. Be3 1/2-1/2

[Event "Helsingor Xtracon op"]
[Site "Helsingor"]
[Date "2017.07.26"]
[Round "6"]
[White "Alfven, Jorgen"]
[Black "Svensson, Anders1"]
[Result "0-1"]
[WhiteElo "1927"]
[BlackElo "1723"]
[PlyCount "73"]
[EventDate "2017.07.22"]
[EventType "swiss"]
[EventRounds "10"]
[EventCountry "DEN"]
[SourceTitle "CBM 179 Extra"]
[Source "ChessBase"]
[SourceDate "2017.08.23"]
[SourceVersion "1"]
[SourceVersionDate "2017.08.23"]
[SourceQuality "1"]

1. d4 Nf6 2. c4 g6 3. Nc3 Bg7 4. e4 d6 5. Nf3 0-0 6. Be2 e5 7. d5 Na6 8. 0-0 Nc5 9. Nd2 a5 10. Re1 Ne8 11. Nf1 f5 12. f3 f4 13. b3 Nf6 14. a3 Nh5 15. Rb1 Bf6 16. b4 axb4 17. axb4 Nd7 18. Qc2 Bh4 19. Rd1 Qg5 20. Bd3 Ndf6 21. c5 Qh6 22. cxd6 g5 23. dxc7 Bg3 24. hxg3 Nxg3 25. Ne2 Qh1+ 26. Kf2 Ng4+ 27. fxg4 f3 28. Nf4 fxg2 29. Nxg3 Qh4 30. Kg1 gxf4 31. Qxg2 fxg3 32. Rf1 Bxg4 33. Be3 Rxf1+ 34. Bxf1 Rf8 35. d6 Bh3 36. Qxh3 Rxf1+ 37. Kxf1 0-1

[Event "Politiken Cup 37th"]
[Site "Helsingor"]
[Date "2015.07.26"]
[Round "3"]
[White "Alfven, Jorgen"]
[Black "Klings, Peter"]
[Result "0-1"]
[WhiteElo "1932"]
[BlackElo "2154"]
[PlyCount "192"]
[EventDate "2015.07.25"]
[EventType "swiss"]
[EventRounds "10"]
[EventCountry "DEN"]
[SourceTitle "CBM 167 Extra"]
[Source "ChessBase"]
[SourceDate "2015.09.14"]
[SourceVersion "1"]
[SourceVersionDate "2015.09.14"]
[SourceQuality "1"]

1. d4 Nf6 2. c4 c5 3. d5 b5 4. Nf3 Qa5+ 5. Bd2 b4 6. g3 g6 7. Bg2 d6 8. 0-0 Bg7 9. Qc1 h6 10. Re1 Ne4 11. Nh4 Nxd2 12. Nxd2 g5 13. Nhf3 Nd7 14. h3 Qb6 15. e4 a5 16. Nf1 a4 17. Rb1 a3 18. b3 Bb2 19. Qd1 Bc3 20. Re2 Rg8 21. Ne3 h5 22. Qc2 Ne5 23. Nxe5 Bxe5 24. Rf1 g4 25. h4 Bd7 26. Nf5 e6 27. Ne3 0-0-0 28. Qd3 Rdf8 29. Kh2 Qd8 30. Kg1 Kc7 31. Rd1 Qe7 32. Rf1 Rg6 33. Nc2 Rfg8 34. Ne3 Kd8 35. Rd1 Rf6 36. Nf1 Bd4 37. Ne3 Rf3 38. Qd2 Bc3 39. Qc2 Be5 40. Nf1 Qf6 41. Rd3 Rxd3 42. Qxd3 Bd4 43. Ne3 Qe5 44. Nc2 Bc3 45. Qe3 Rg6 46. Ne1 Qd4 47. Qxd4 Bxd4 48. Nd3 e5 49. Ne1 Ke7 50. Nc2 Kf6 51. Ne3 Rg8 52. Kf1 Bc3 53. Nd1 Ba1 54. Ke1 Kg6 55. Kd2 Rf8 56. Ne3 Bd4 57. Nc2 Bb2 58. Ne3 Rb8 59. Kc2 Bd4 60. Kd3 Rf8 61. Nc2 Bb2 62. Ne3 Bc1 63. Rc2 Bxe3 64. Kxe3 f5 65. exf5+ Bxf5 66. Re2 Bb1 67. Be4+ Bxe4 68. Kxe4 Rf3 69. Rc2 Kf6 70. Re2 Rc3 71. Rd2 Rc1 72. Kd3 Kf5 73. Re2 Rb1 74. Rc2 Ra1 75. Ke3 Re1+ 76. Kd2 Rf1 77. Ke2 Rb1 78. Ke3 e4 79. Kd2 Ke5 80. Ke3 Rd1 81. Ke2 Rd3 82. Ke1 Rf3 83. Re2 Kd4 84. Rd2+ Rd3 85. Rc2 Rf3 86. Rd2+ Kc3 87. Re2 Kd4 88. Rd2+ Rd3 89. Rc2 e3 90. Ke2 exf2 91. Kxf2 Rf3+ 92. Kg2 Kd3 93. Rc1 Kd2 94. Rb1 Re3 95. Rf1 Re2+ 96. Rf2 Ke3 0-1

[Event "Benidorm op U2000 13th"]
[Site "Benidorm"]
[Date "2014.12.01"]
[Round "4"]
[White "Buiza Prieto, Eihartze"]
[Black "Alfven, Jorgen"]
[Result "1-0"]
[WhiteElo "1887"]
[BlackElo "1972"]
[PlyCount "169"]
[EventDate "2014.11.28"]
[EventType "swiss"]
[EventRounds "10"]
[EventCountry "ESP"]
[SourceTitle "CBM 163 Extra"]
[Source "ChessBase"]
[SourceDate "2014.12.23"]
[SourceVersion "1"]
[SourceVersionDate "2014.12.23"]
[SourceQuality "1"]

1. e4 c5 2. Nf3 Nc6 3. d4 cxd4 4. Nxd4 Nf6 5. Nc3 e5 6. Ndb5 d6 7. Bg5 a6 8. Na3 b5 9. Nd5 Be7 10. Bxf6 Bxf6 11. c3 0-0 12. Nc2 Bg5 13. a4 bxa4 14. Rxa4 a5 15. Bb5 Na7 16. Bc4 Bd7 17. Ra2 Kh8 18. 0-0 f5 19. exf5 Bxf5 20. Nce3 Bd7 21. Be2 Bc6 22. Nc4 Nc8 23. Bg4 Bb5 24. Be2 Ne7 25. Ncb6 Nxd5 26. Nxd5 Bc6 27. Qd3 Qb8 28. c4 Qb7 29. Bf3 a4 30. Be4 g6 31. Nc3 Bxe4 32. Nxe4 Be7 33. Nxd6 Qb6 34. Nb5 Bc5 35. Qg3 Rae8 36. Rxa4 Qd8 37. Raa1 Qd2 38. b3 e4 39. Qc3+ Qxc3 40. Nxc3 Bd4 41. Rac1 e3 42. Nb5 e2 43. Nxd4 exf1Q+ 44. Kxf1 Re4 45. Nb5 Rd8 46. Nc3 Red4 47. Nd5 Ra8 48. Rc2 Re8 49. f3 Rc8 50. Nb6 Rc6 51. Na4 Kg7 52. Nc3 Rd3 53. Ke2 Rd8 54. Rd2 Re6+ 55. Kd1 Rb8 56. Rd7+ Kg8 57. Kc2 Reb6 58. Nb5 Re8 59. Kc3 Re2 60. Rd2 Re3+ 61. Kb4 Rb8 62. c5 Kf8 63. Kc4 Re1 64. b4 Rc1+ 65. Nc3 Ke7 66. b5 Rf8 67. c6 Rf4+ 68. Kb3 Rf5 69. Nd5+ Ke6 70. Nc7+ Ke7 71. Kb4 Rf4+ 72. Ka5 Ra1+ 73. Kb6 Rc4 74. Rd7+ Kf6 75. Na6 h5 76. c7 Ke6 77. Rd8 Rac1 78. Kb7 R1c2 79. c8Q+ Rxc8 80. Rxc8 Rxg2 81. b6 Rxh2 82. Ka7 Rb2 83. b7 Kf5 84. Rc4 Rb5 85. Rc5+ 1-0

[Event "Calvia Amateur op 11th"]
[Site "Calvia"]
[Date "2014.10.12"]
[Round "9"]
[White "Alfven, Jorgen"]
[Black "Galiana Salom, Juan Ramon"]
[Result "0-1"]
[WhiteElo "1929"]
[BlackElo "2263"]
[PlyCount "64"]
[EventDate "2014.10.04"]
[EventType "swiss"]
[EventRounds "9"]
[EventCountry "ESP"]
[SourceTitle "EXT 2015"]
[Source "ChessBase"]
[SourceDate "2014.11.20"]
[SourceVersion "1"]
[SourceVersionDate "2014.11.20"]
[SourceQuality "1"]

1. d4 f5 2. g3 g6 3. Bg2 Bg7 4. Nf3 c6 5. c4 d6 6. Nc3 Nh6 7. 0-0 Nf7 8. b4 0-0 9. Qb3 e5 10. dxe5 dxe5 11. Rd1 Qf6 12. Bb2 Be6 13. b5 Nd7 14. Na4 Rfc8 15. Rac1 cxb5 16. Qxb5 a6 17. Qa5 b6 18. Qe1 Ra7 19. c5 bxc5 20. Qa5 c4 21. Ne1 Qe7 22. Bd5 Bxd5 23. Rxd5 Qe6 24. Ba3 e4 25. Ng2 Rac7 26. Nf4 Qc6 27. Rcd1 c3 28. Rc1 Be5 29. Rc2 Rb7 30. Nc5 Rb5 31. Qxa6 Nxc5 32. Qxc6 Rxc6 0-1

[Event "Calvia Amateur op 11th"]
[Site "Calvia"]
[Date "2014.10.10"]
[Round "7"]
[White "Alfven, Jorgen"]
[Black "Khouri, Ibrahim Mohamed"]
[Result "0-1"]
[WhiteElo "1929"]
[BlackElo "2191"]
[PlyCount "72"]
[EventDate "2014.10.04"]
[EventType "swiss"]
[EventRounds "9"]
[EventCountry "ESP"]
[SourceTitle "EXT 2015"]
[Source "ChessBase"]
[SourceDate "2014.11.20"]
[SourceVersion "1"]
[SourceVersionDate "2014.11.20"]
[SourceQuality "1"]

1. d4 Nf6 2. c4 e6 3. Nf3 b6 4. a3 Ba6 5. e3 c6 6. Nc3 d5 7. b3 Be7 8. Bd3 0-0 9. Bb2 Bb7 10. 0-0 Nbd7 11. Qe2 c5 12. Ne5 Rc8 13. cxd5 Nxd5 14. Ne4 cxd4 15. Nxd7 Qxd7 16. Bxd4 f5 17. Ng3 Qc6 18. f4 Bf6 19. Bxf6 Rxf6 20. Rf2 Qc3 21. Rb1 Qc5 22. b4 Qxe3 23. Qxe3 Nxe3 24. Re2 Nd5 25. Rd2 Nxf4 26. Bf1 Bd5 27. a4 Rf7 28. a5 Rfc7 29. axb6 axb6 30. Ne2 Nxe2+ 31. Rxe2 Rc1 32. Re1 Rxb1 33. Rxb1 Rc2 34. Ra1 Kf7 35. Ra6 Rc1 36. Ra7+ Kf6 0-1

[Event "Calvia Amateur op 11th"]
[Site "Calvia"]
[Date "2014.10.07"]
[Round "4"]
[White "Gromovs, Sergejs"]
[Black "Alfven, Jorgen"]
[Result "0-1"]
[WhiteElo "2243"]
[BlackElo "1929"]
[PlyCount "74"]
[EventDate "2014.10.04"]
[EventType "swiss"]
[EventRounds "9"]
[EventCountry "ESP"]
[SourceTitle "EXT 2015"]
[Source "ChessBase"]
[SourceDate "2014.11.20"]
[SourceVersion "1"]
[SourceVersionDate "2014.11.20"]
[SourceQuality "1"]

1. d4 d5 2. c4 c6 3. Nf3 Nf6 4. Nc3 e6 5. Bg5 h6 6. Bxf6 Qxf6 7. Qb3 dxc4 8. Qxc4 Nd7 9. e4 Qd8 10. Be2 Be7 11. 0-0 0-0 12. b4 Nb6 13. Qb3 a5 14. b5 c5 15. Rfd1 cxd4 16. Nxd4 Qc7 17. Rac1 Qb8 18. a4 e5 19. Nf5 Bg5 20. Rc2 Be6 21. Qa3 Bxf5 22. exf5 Rd8 23. g3 Rxd1+ 24. Bxd1 Qd8 25. Bf3 Rc8 26. Bxb7 Rc4 27. Re2 Qd3 28. Rxe5 Rb4 29. Re8+ Kh7 30. Be4 Qd4 31. Qa2 Nc4 32. Ne2 Qd1+ 33. Kg2 Nd2 34. h4 Qf1+ 35. Kh2 Qxf2+ 36. Bg2 Nf1+ 37. Kh1 Nxg3+ 0-1

[Event "Politiken Cup 35th"]
[Site "Helsingor"]
[Date "2013.08.03"]
[Round "9"]
[White "Skjoldager, Flemming"]
[Black "Alfven, Jorgen"]
[Result "0-1"]
[WhiteElo "1979"]
[BlackElo "1851"]
[PlyCount "72"]
[EventDate "2013.07.27"]
[EventType "swiss"]
[EventRounds "10"]
[EventCountry "DEN"]
[SourceTitle "CBM 155 Extra"]
[Source "ChessBase"]
[SourceDate "2013.08.26"]
[SourceVersion "1"]
[SourceVersionDate "2013.08.26"]
[SourceQuality "1"]

1. e4 c5 2. Nf3 Nc6 3. Nc3 g6 4. d4 cxd4 5. Nxd4 Bg7 6. Be3 Nf6 7. Nb3 d6 8. Be2 0-0 9. 0-0 a6 10. a4 b6 11. f4 Qc7 12. Bf3 Rb8 13. Nd4 Nxd4 14. Bxd4 e5 15. Be3 Be6 16. Rf2 Rfd8 17. Rd2 exf4 18. Bxf4 Qc5+ 19. Kh1 Ne8 20. Ra3 b5 21. axb5 axb5 22. e5 Bxe5 23. Ne4 Qc7 24. Bxe5 dxe5 25. Rc3 Qe7 26. h3 f5 27. Nf2 e4 28. Be2 b4 29. Re3 Rxd2 30. Qxd2 Rd8 31. Qe1 Qc5 32. Bd1 Nf6 33. c3 Nd5 34. Re2 bxc3 35. bxc3 Qxc3 36. Qg1 e3 0-1

[Event "Alcudia Belleuve"]
[Site "Alcudia"]
[Date "2012.10.21"]
[Round "9.23"]
[White "Correia, Sandra Ventura"]
[Black "Alfven, Jorgen"]
[Result "0-1"]
[WhiteElo "1797"]
[BlackElo "1846"]
[PlyCount "120"]
[EventDate "2012.10.14"]
[EventType "swiss"]
[EventRounds "9"]
[EventCountry "ESP"]
[SourceTitle "EXT 2024"]
[Source "ChessBase"]
[SourceDate "2023.10.10"]
[SourceVersion "1"]
[SourceVersionDate "2023.10.10"]
[SourceQuality "1"]

1. e4 c5 2. Nc3 Nc6 3. f4 g6 4. Nf3 Bg7 5. Bb5 Nd4 6. 0-0 a6 7. Bc4 b5 8. Bd5 Rb8 9. d3 e6 10. Bb3 Ne7 11. Nxd4 cxd4 12. Ne2 0-0 13. Qe1 d6 14. Qf2 Qb6 15. Ng3 f5 16. exf5 Nxf5 17. Nxf5 gxf5 18. Bd2 Kh8 19. Rae1 Re8 20. Qh4 Bd7 21. Rf3 Qd8 22. Qh5 Qf6 23. Rh3 h6 24. Bb4 e5 25. fxe5 Rxe5 26. Rf1 f4 27. Qf7 Qxf7 28. Bxf7 Bxh3 29. Bxd6 Rd8 30. Bxe5 Bxe5 31. gxh3 Kg7 32. Bb3 Kf6 33. Kf2 a5 34. a4 b4 35. Kf3 Kf5 36. Rg1 Bf6 37. Re1 Be5 38. Ke2 Re8 39. Rg1 Rd8 40. Kf3 Bf6 41. Rg4 Bg5 42. h4 Re8 43. hxg5 Re3+ 44. Kf2 Kxg4 45. gxh6 Kg5 46. h7 Rh3 47. Bg8 Rxh2+ 48. Kf3 Rh3+ 49. Kg2 Rh4 50. Kf3 Kf6 51. Bb3 Rxh7 52. Kxf4 Re7 53. Kg4 Ke5 54. Kg5 Rg7+ 55. Kh6 Rg2 56. Kh5 Kf4 57. Kh6 Ke3 58. Kh5 Kd2 59. Kh4 Kc1 60. Kh3 Rxc2 0-1

[Event "Politiken Cup 34th"]
[Site "Helsingor"]
[Date "2012.08.03"]
[Round "8"]
[White "Alfven, Jorgen"]
[Black "Christensen, Esben"]
[Result "0-1"]
[WhiteElo "1848"]
[BlackElo "2023"]
[PlyCount "110"]
[EventDate "2012.07.28"]
[EventType "swiss"]
[EventRounds "10"]
[EventCountry "DEN"]
[SourceTitle "CBM 149 Extra"]
[Source "ChessBase"]
[SourceDate "2012.08.24"]
[SourceVersion "1"]
[SourceVersionDate "2012.08.24"]
[SourceQuality "1"]

1. d4 Nf6 2. c4 c5 3. d5 b5 4. Nf3 g6 5. cxb5 a6 6. b6 d6 7. Nc3 Nbd7 8. e4 Bg7 9. a4 a5 10. Nd2 0-0 11. Be2 Nxb6 12. 0-0 Ba6 13. Nb5 Ne8 14. Nc4 Nxc4 15. Bxc4 Nc7 16. Qd3 Nxb5 17. axb5 Bb7 18. Ra2 Qd7 19. Bd2 e6 20. dxe6 fxe6 21. Bc3 d5 22. Bxg7 Kxg7 23. exd5 exd5 24. Qc3+ Rf6 25. Be2 Qe6 26. b3 Rc8 27. Qg3 Qe4 28. Bg4 Rcf8 29. Re2 Qf4 30. Re7+ R8f7 31. Qxf4 Rxf4 32. Rxf7+ Kxf7 33. Bd7 Ke7 34. g3 Rb4 35. Bh3 Rxb3 36. Re1+ Kd8 37. Rd1 Kc7 38. Bg2 Kd6 39. Bf1 a4 40. f4 Rb4 41. Ra1 c4 42. Be2 Kc5 43. g4 d4 44. Rc1 Kxb5 45. f5 gxf5 46. gxf5 d3 47. f6 Bd5 48. Bh5 Kc5 49. Be8 a3 50. f7 Bxf7 51. Bxf7 a2 52. Kf2 d2 53. Ra1 Rb1 54. Rxa2 d1Q 55. Ra5+ Kb6 0-1

[Event "Politiken Cup 34th"]
[Site "Helsingor"]
[Date "2012.07.30"]
[Round "4"]
[White "Alfven, Jorgen"]
[Black "Kristiansen, Espen"]
[Result "1-0"]
[WhiteElo "1848"]
[BlackElo "1634"]
[PlyCount "59"]
[EventDate "2012.07.28"]
[EventType "swiss"]
[EventRounds "10"]
[EventCountry "DEN"]
[SourceTitle "CBM 149 Extra"]
[Source "ChessBase"]
[SourceDate "2012.08.24"]
[SourceVersion "1"]
[SourceVersionDate "2012.08.24"]
[SourceQuality "1"]

1. d4 Nf6 2. c4 e6 3. Nc3 Bb4 4. Qc2 0-0 5. a3 Bxc3+ 6. Qxc3 Ne4 7. Qc2 d5 8. e3 b6 9. Bd3 Bb7 10. cxd5 exd5 11. Nf3 Nd7 12. 0-0 Rc8 13. Nd2 Ndf6 14. f3 Nd6 15. b4 Re8 16. Nb3 h6 17. Bd2 Re7 18. Rae1 Qd7 19. Nc1 Rce8 20. Ne2 Qd8 21. Ng3 Bc8 22. e4 dxe4 23. fxe4 Nd7 24. e5 Nb7 25. Bc4 Rf8 26. Bxh6 gxh6 27. Qg6+ Kh8 28. Qxh6+ Kg8 29. Nf5 Nf6 30. Qg7# 1-0

[Event "Politiken Cup 34th"]
[Site "Helsingor"]
[Date "2012.07.29"]
[Round "3"]
[White "Kyrkjebo, Hannah Bakken"]
[Black "Alfven, Jorgen"]
[Result "0-1"]
[WhiteElo "1536"]
[BlackElo "1848"]
[PlyCount "98"]
[EventDate "2012.07.28"]
[EventType "swiss"]
[EventRounds "10"]
[EventCountry "DEN"]
[SourceTitle "CBM 149 Extra"]
[Source "ChessBase"]
[SourceDate "2012.08.24"]
[SourceVersion "1"]
[SourceVersionDate "2012.08.24"]
[SourceQuality "1"]

1. e4 c5 2. Nc3 Nc6 3. g3 g6 4. Bg2 Bg7 5. d3 d6 6. f4 e6 7. Nf3 Rb8 8. Be3 b6 9. 0-0 Nge7 10. d4 Ba6 11. Re1 0-0 12. Rb1 Qc7 13. d5 exd5 14. Nxd5 Nxd5 15. Qxd5 Ne7 16. Qd2 Rbd8 17. Ng5 h6 18. Nh3 d5 19. exd5 Bc4 20. b3 Bxd5 21. Qe2 Rfe8 22. Qf1 Qc6 23. Rbd1 Nf5 24. Bf2 Nd4 25. Rxe8+ Rxe8 26. Bxd5 Qxd5 27. Bxd4 Bxd4+ 28. Nf2 Qf3 29. Rd3 Qe2 30. a4 Qxc2 31. Rf3 Re2 32. h3 Rxf2 33. Rxf2 Qxb3 34. Kg2 Bxf2 35. Qxf2 Qxa4 36. Qe2 Qc6+ 37. Kh2 c4 38. Qd1 c3 39. Qd8+ Kg7 40. Qd4+ Qf6 41. Qc4 a6 42. Qd3 b5 43. Qe4 b4 44. Qc2 Qd4 45. Kh1 Qd2 46. Qe4 c2 47. Qe5+ Kh7 48. Qa1 c1Q+ 49. Qxc1 Qxc1+ 0-1

[Event "Benidorm op U2200 10th"]
[Site "Benidorm"]
[Date "2011.12.04"]
[Round "3"]
[White "Alfven, Jorgen"]
[Black "Chaikhiev Chaikhieva, Miguel A"]
[Result "0-1"]
[WhiteElo "1896"]
[BlackElo "1663"]
[PlyCount "70"]
[EventDate "2011.12.02"]
[EventType "swiss"]
[EventRounds "10"]
[EventCountry "ESP"]
[SourceTitle "CBM 145 Extra"]
[Source "ChessBase"]
[SourceDate "2012.01.03"]
[SourceVersion "1"]
[SourceVersionDate "2012.01.03"]
[SourceQuality "1"]

1. d4 Nf6 2. c4 e6 3. Nf3 Bb4+ 4. Nc3 c5 5. a3 Bxc3+ 6. bxc3 b6 7. g3 Bb7 8. Bg2 0-0 9. 0-0 d5 10. cxd5 exd5 11. Bg5 Nbd7 12. Ne5 Qc7 13. Nxd7 Nxd7 14. Bf4 Qc8 15. Re1 Nf6 16. Rc1 Qd7 17. c4 dxc4 18. Bxb7 Qxb7 19. dxc5 b5 20. a4 Rfd8 21. Qc2 a6 22. e4 Nd7 23. Bd6 Qc6 24. e5 Nxc5 25. Bxc5 Qxc5 26. Qe4 Qd5 27. Qg4 Qe6 28. Qe4 g6 29. Red1 Rac8 30. Qb7 Rxd1+ 31. Rxd1 bxa4 32. Rd6 Qe8 33. Rxa6 c3 34. Qb1 c2 35. Qc1 Qb5 0-1

[Event "Jonkoping op"]
[Site "Jonkoping"]
[Date "1988.??.??"]
[Round "3"]
[White "Alfven, Jorgen"]
[Black "Karlsson, Lars"]
[Result "0-1"]
[WhiteElo "2079"]
[BlackElo "2550"]
[PlyCount "82"]
[EventDate "1988.??.??"]
[EventType "swiss"]
[EventRounds "7"]
[EventCountry "SWE"]
[SourceTitle "EXT 2001"]
[Source "ChessBase"]
[SourceDate "2000.11.22"]
[SourceVersion "1"]
[SourceVersionDate "2000.11.22"]
[SourceQuality "1"]

1. d4 d6 2. c4 g6 3. Nc3 Bg7 4. e4 Nf6 5. Be2 0-0 6. Bg5 c5 7. d5 e6 8. Qd2 exd5 9. cxd5 Re8 10. f3 a6 11. g4 h6 12. Be3 b5 13. h4 h5 14. g5 Nfd7 15. Nh3 c4 16. Nf2 Nc5 17. Bd4 Nd3+ 18. Nxd3 Bxd4 19. Nb4 Qb6 20. Nd1 Nd7 21. Nc6 Bg7 22. Nf2 Bb7 23. Na5 c3 24. bxc3 Qxa5 25. Rc1 Rac8 26. Nd1 Nc5 27. 0-0 Na4 28. Bd3 Nxc3 29. Rc2 Qb6+ 30. Kg2 Nxd1 31. Rxd1 Rxc2 32. Bxc2 b4 33. Bb3 a5 34. Rc1 Bc3 35. Qc2 Qe3 36. Ba4 Re7 37. Rd1 Qf4 38. Qf2 Ba6 39. Bc6 Be5 40. Kg1 Qg3+ 41. Qxg3 Bxg3 0-1